| 000 | 02260cam a2200433Mi 4500 | ||
|---|---|---|---|
| 003 | PE-LiUPU | ||
| 005 | 20250731183340.0 | ||
| 008 | 101117s2010 sp a 000 0dspa d | ||
| 020 | _a8493785725 | ||
| 020 | _a9788493785727 | ||
| 035 | _a(Sirsi) i9788493785727 | ||
| 040 |
_aESUDE _bspa _cESUDE _dOCLCQ _dESALI _dBNM _dZZAND _dPE-LiUPU |
||
| 049 | _aPRUA | ||
| 082 | 0 | 4 |
_a720.1 _bP21 _220 |
| 100 | 1 |
_aPallasmaa, Juhani, _eautor. |
|
| 245 | 1 | 4 |
_aUna arquitectura de la humildad / _cJuhani Pallasmaa ; traducción de Albert Fuentes. |
| 264 |
_aBarcelona : _bFundación Caja de Arquitectos, _c2010. |
||
| 300 |
_a183 páginas : _bilustraciones ; _c22 centímetros. |
||
| 336 |
_text _2rdacontent |
||
| 337 |
_unmediated _2rdamedia |
||
| 338 |
_volume _2rdacarrier |
||
| 504 | _aBibliografía : páginas 184-185. | ||
| 505 | 0 | _aDe la utopía al monumento -- La arquitectura y las obsesiones de nuestro tiempo -- La arquitectura y la realidad de la cultura -- De una arquitectura tectónica a una pictórica -- La lógica de la imagen -- Por una arquitectura de la humildad -- Paisajes de la arquitectura -- Materia, tactilidad y tiempo -- Espacio, memoria e imaginación -- Erotismo y espacio. | |
| 526 | _aP158 | ||
| 526 | _aP146 | ||
| 526 | _aP17 | ||
| 526 | _aP12 | ||
| 526 | _aP06 | ||
| 541 | _g003-001194; | ||
| 650 | 1 | 7 |
_aEstética arquitectónica _2embne |
| 710 | 2 | _aFundación Caja de Arquitectos. | |
| 942 |
_2ddc _cBOOK |
||
| 949 |
_a720.1 P21 _wDEWEY _c1 _i73893 _e2016-6-9 _lCCODEBUL1 _mBUL _n1 _p38.84 _r0 _sY _tBOOK _u2016-6-20 _xINGENIERIA _PP06 _0COMPRA _o.STAFF. Colección General |
||
| 949 |
_a720.1 P21 _wDEWEY _c2 _i72383 _d2016-9-28 _e2016-9-25 _lCCODEBUL1 _mBUL _n2 _p38.04 _r0 _sY _tBOOK _u2016-9-14 _xINGENIERIA _PP06 _0COMPRA _o.STAFF. Colección FIA |
||
| 994 |
_aC0 _bPEPRU |
||
| 596 | _a1 | ||
| 999 |
_a720.1 P21 _wDEWEY _c8371 _i73893 _d8371 _e2019-3-12 _f2021-11-9 _g7 _lCCODEBUL1 _mBUL _n6 _p38.84 _q1 _r0 _sY _tBOOK _u2016-6-20 _xINGENIERIA _PP06 _0COMPRA _o.STAFF. Colección General |
||
| 999 |
_a720.1 P21 _wDEWEY _c2 _i72383 _d2018-3-21 _e2018-3-18 _f2021-11-9 _g7 _lCCODEBUL1 _mBUL _n3 _p38.04 _r0 _sY _tBOOK _u2016-9-14 _xINGENIERIA _PP06 _0COMPRA _o.STAFF. Colección FIA |
||
| 980 |
_81 _gALBERTO SANCHEZ Responsable de Automatización |
||